000 00642cam a22002053a 4500
001 40605
003 PGUSA
005 20140828083915.0
008 120828s2012||||xxu|||||s|||||000 | eng d
040 _aPGUSA
_beng
042 _adc
100 1 _aHancock, H. Irving
_q(Harrie Irving),
_d1868-1922
245 1 4 _aThe Motor Boat Club at Nantucket :
_bThe Mystery of the Dunstan Heir
_h[electronic resource] /
_cH. Irving Hancock
260 _bProject Gutenberg,
_c2012
506 _aPublic domain in the USA.
516 _aElectronic text
830 0 _aProject Gutenberg
_v40605
856 4 0 _uhttp://www.gutenberg.org/ebooks/40605
942 _cEB
999 _c269858
_d269858